[Event "DVM U20 2023"]
[Site "Magdeburg GER"]
[Date "2023.12.29"]
[Round "5"]
[White "Lichtinger, Simon"]
[Black "Jäger, Matti"]
[Result "1/2-1/2"]
[Termination "normal"]
[Board "3.5"]
[WhiteElo "1709"]
[BlackElo "1914"]
[WhiteClock "00:09:04"]
[BlackClock "00:06:10"]
[WhiteTeam "FC Ergolding 1932"]
[BlackTeam "SV Königsjäger Süd-West"]
[PlyCount "66"]
[WhiteFideId "16230442"]
[BlackFideId "34631542"]
[EventCountry "GER"]
[EventRounds "7"]
[EventType "team-swiss"]
[EventDate "2023.12.26"]

1. d4 {[%clk 01:30:58]} {[%emt 00:00:01]} d5 {[%clk 01:30:52]} {[%emt
00:00:09]} 2. Nc3 {[%clk 01:31:25]} {[%emt 00:00:04]} Nf6 {[%clk 01:30:51]}
{[%emt 00:00:31]} 3. Bf4 {[%clk 01:31:50]} {[%emt 00:00:06]} c5 {[%clk
01:30:52]} {[%emt 00:00:28]} 4. e3 {[%clk 01:32:11]} {[%emt 00:00:09]} cxd4
{[%clk 01:31:18]} {[%emt 00:00:05]} 5. exd4 {[%clk 01:32:31]} {[%emt 00:00:10]}
a6 {[%clk 01:31:44]} {[%emt 00:00:05]} 6. Nf3 {[%clk 01:31:58]} {[%emt
00:01:03]} Nc6 {[%clk 01:31:54]} {[%emt 00:00:18]} 7. Ne5 {[%clk 01:31:56]}
{[%emt 00:00:34]} e6 {[%clk 01:31:41]} {[%emt 00:00:44]} 8. Qd2 {[%clk
01:25:23]} {[%emt 00:07:02]} Bb4 {[%clk 01:29:26]} {[%emt 00:02:46]} 9. f3
{[%clk 01:24:44]} {[%emt 00:01:08]} Bd7 {[%clk 01:24:24]} {[%emt 00:05:32]} 10.
a3 {[%clk 01:16:59]} {[%emt 00:08:15]} Qa5 {[%clk 01:21:50]} {[%emt 00:03:04]}
11. Rb1 {[%clk 01:11:38]} {[%emt 00:05:50]} Be7 {[%clk 01:19:20]} {[%emt
00:03:01]} 12. g4 {[%clk 01:02:35]} {[%emt 00:09:33]} Rc8 {[%clk 01:13:07]}
{[%emt 00:06:43]} 13. b4 {[%clk 00:38:32]} {[%emt 00:24:33]} Nxb4 {[%clk
00:58:45]} {[%emt 00:14:51]} 14. axb4 {[%clk 00:36:15]} {[%emt 00:02:48]} Bxb4
{[%clk 00:59:11]} {[%emt 00:00:05]} 15. Rxb4 {[%clk 00:35:40]} {[%emt
00:01:05]} Qxb4 {[%clk 00:59:35]} {[%emt 00:00:05]} 16. Nd1 {[%clk 00:34:14]}
{[%emt 00:01:56]} Qxd2+ {[%clk 00:56:51]} {[%emt 00:03:13]} 17. Kxd2 {[%clk
00:34:42]} {[%emt 00:00:03]} b5 {[%clk 00:50:37]} {[%emt 00:06:44]} 18. Nb2
{[%clk 00:29:21]} {[%emt 00:05:51]} Ra8 {[%clk 00:28:05]} {[%emt 00:23:03]} 19.
Nbd3 {[%clk 00:26:41]} {[%emt 00:03:11]} Bc8 {[%clk 00:28:10]} {[%emt
00:00:24]} 20. Nc5 {[%clk 00:24:14]} {[%emt 00:02:56]} Nd7 {[%clk 00:28:31]}
{[%emt 00:00:09]} 21. Nexd7 {[%clk 00:16:02]} {[%emt 00:08:42]} Bxd7 {[%clk
00:28:59]} {[%emt 00:00:02]} 22. Bc7 {[%clk 00:15:26]} {[%emt 00:01:06]} Bc6
{[%clk 00:27:46]} {[%emt 00:01:43]} 23. Ba5 {[%clk 00:15:10]} {[%emt 00:00:46]}
Ke7 {[%clk 00:26:47]} {[%emt 00:01:29]} 24. Bd3 {[%clk 00:15:15]} {[%emt
00:00:25]} g6 {[%clk 00:21:24]} {[%emt 00:05:54]} 25. Ra1 {[%clk 00:14:52]}
{[%emt 00:00:51]} h5 {[%clk 00:16:28]} {[%emt 00:05:26]} 26. g5 {[%clk
00:13:39]} {[%emt 00:01:44]} Kf8 {[%clk 00:11:05]} {[%emt 00:05:52]} 27. h4
{[%clk 00:11:41]} {[%emt 00:02:29]} Kg7 {[%clk 00:10:57]} {[%emt 00:00:38]} 28.
Bb4 {[%clk 00:11:32]} {[%emt 00:00:38]} Rhc8 {[%clk 00:09:08]} {[%emt
00:02:19]} 29. Rxa6 {[%clk 00:10:44]} {[%emt 00:01:19]} Rxa6 {[%clk 00:09:17]}
{[%emt 00:00:22]} 30. Nxa6 {[%clk 00:11:13]} {[%emt 00:00:01]} Ra8 {[%clk
00:08:58]} {[%emt 00:00:47]} 31. Nc5 {[%clk 00:11:32]} {[%emt 00:00:12]} Ra1
{[%clk 00:08:36]} {[%emt 00:00:52]} 32. Ke2 {[%clk 00:10:36]} {[%emt 00:01:26]}
Ra8 {[%clk 00:06:33]} {[%emt 00:02:31]} 33. Nb3 {[%clk 00:09:04]} {[%emt
00:02:04]} Ra4 {[%clk 00:06:10]} {[%emt 00:00:47]} 1/2-1/2

[Event "DVM U20 2023"]
[Site "Magdeburg GER"]
[Date "2023.12.29"]
[Round "5"]
[White "Böhmer, Kimon"]
[Black "Karlinger De la Quintana, Ainhoa"]
[Result "1-0"]
[Termination "normal"]
[Board "3.6"]
[WhiteElo "1784"]
[BlackElo "1348"]
[WhiteClock "00:18:35"]
[BlackClock "00:36:45"]
[WhiteTeam "SV Königsjäger Süd-West"]
[BlackTeam "FC Ergolding 1932"]
[PlyCount "64"]
[WhiteFideId "16281365"]
[BlackFideId "16217268"]
[EventCountry "GER"]
[EventRounds "7"]
[EventType "team-swiss"]
[EventDate "2023.12.26"]

1. d4 {[%clk 01:30:56]} {[%emt 00:00:04]} e6 {[%clk 01:29:38]} {[%emt
00:01:22]} 2. c4 {[%clk 01:31:15]} {[%emt 00:00:11]} d5 {[%clk 01:28:54]}
{[%emt 00:01:14]} 3. Nf3 {[%clk 01:31:35]} {[%emt 00:00:09]} Nf6 {[%clk
01:28:57]} {[%emt 00:00:28]} 4. g3 {[%clk 01:31:55]} {[%emt 00:00:10]} Be7
{[%clk 01:29:05]} {[%emt 00:00:23]} 5. Bg2 {[%clk 01:32:14]} {[%emt 00:00:10]}
O-O {[%clk 01:29:09]} {[%emt 00:00:25]} 6. O-O {[%clk 01:32:36]} {[%emt
00:00:08]} c6 {[%clk 01:28:06]} {[%emt 00:01:33]} 7. Nbd2 {[%clk 01:32:33]}
{[%emt 00:00:34]} Nbd7 {[%clk 01:26:31]} {[%emt 00:02:06]} 8. Qc2 {[%clk
01:32:42]} {[%emt 00:00:20]} Nb6 {[%clk 01:24:37]} {[%emt 00:02:25]} 9. b3
{[%clk 01:28:22]} {[%emt 00:04:50]} Bd7 {[%clk 01:23:16]} {[%emt 00:01:50]} 10.
e4 {[%clk 01:28:37]} {[%emt 00:00:16]} dxe4 {[%clk 01:20:27]} {[%emt 00:03:20]}
11. Nxe4 {[%clk 01:28:49]} {[%emt 00:00:18]} Rc8 {[%clk 01:17:30]} {[%emt
00:03:26]} 12. Bf4 {[%clk 01:25:11]} {[%emt 00:04:08]} Be8 {[%clk 01:13:29]}
{[%emt 00:04:30]} 13. Rad1 {[%clk 01:23:15]} {[%emt 00:02:25]} Nxe4 {[%clk
01:09:13]} {[%emt 00:04:48]} 14. Qxe4 {[%clk 01:23:35]} {[%emt 00:00:10]} Nd7
{[%clk 01:09:20]} {[%emt 00:00:22]} 15. Rd3 {[%clk 01:11:54]} {[%emt 00:12:11]}
Nf6 {[%clk 01:08:26]} {[%emt 00:01:25]} 16. Qe2 {[%clk 01:11:47]} {[%emt
00:00:37]} Qa5 {[%clk 01:04:37]} {[%emt 00:04:18]} 17. Rfd1 {[%clk 01:06:36]}
{[%emt 00:05:40]} Bd7 {[%clk 01:01:59]} {[%emt 00:03:10]} 18. Ne5 {[%clk
00:57:22]} {[%emt 00:09:43]} Rfd8 {[%clk 00:59:25]} {[%emt 00:03:05]} 19. g4
{[%clk 00:45:15]} {[%emt 00:12:38]} h6 {[%clk 00:52:51]} {[%emt 00:07:03]} 20.
g5 {[%clk 00:37:46]} {[%emt 00:07:58]} hxg5 {[%clk 00:45:40]} {[%emt 00:07:43]}
21. Bxg5 {[%clk 00:38:09]} {[%emt 00:00:06]} b6 {[%clk 00:43:12]} {[%emt
00:02:57]} 22. Rh3 {[%clk 00:33:15]} {[%emt 00:05:24]} g6 {[%clk 00:42:04]}
{[%emt 00:01:40]} 23. Qf3 {[%clk 00:22:12]} {[%emt 00:11:33]} Kg7 {[%clk
00:37:46]} {[%emt 00:04:47]} 24. Rh6 {[%clk 00:19:52]} {[%emt 00:02:50]} Rh8
{[%clk 00:36:27]} {[%emt 00:01:49]} 25. Rxh8 {[%clk 00:19:24]} {[%emt
00:00:59]} Rxh8 {[%clk 00:36:47]} {[%emt 00:00:09]} 26. Bxf6+ {[%clk 00:19:44]}
{[%emt 00:00:10]} Bxf6 {[%clk 00:36:57]} {[%emt 00:00:20]} 27. Nxd7 {[%clk
00:19:54]} {[%emt 00:00:20]} Qg5 {[%clk 00:35:29]} {[%emt 00:01:58]} 28. Qxf6+
{[%clk 00:19:54]} {[%emt 00:00:30]} Qxf6 {[%clk 00:35:51]} {[%emt 00:00:08]}
29. Nxf6 {[%clk 00:20:21]} {[%emt 00:00:04]} Kxf6 {[%clk 00:36:14]} {[%emt
00:00:06]} 30. Bxc6 {[%clk 00:20:36]} {[%emt 00:00:16]} Rh5 {[%clk 00:36:20]}
{[%emt 00:00:23]} 31. d5 {[%clk 00:18:20]} exd5 {[%clk 00:36:20]} 32. cxd5
{[%clk 00:18:35]} {[%emt 00:03:23]} Rg5+ {[%clk 00:36:45]} {[%emt 00:00:13]}
1-0

[Event "DVM U20 2023"]
[Site "Magdeburg GER"]
[Date "2023.12.29"]
[Round "5"]
[White "Weidemann, Jakob"]
[Black "Bethke, Richard"]
[Result "0-1"]
[Termination "normal"]
[Board "4.1"]
[BlackTitle "FM"]
[WhiteElo "2114"]
[BlackElo "2354"]
[WhiteClock "00:30:02"]
[BlackClock "00:55:43"]
[WhiteTeam "SK Münster 32"]
[BlackTeam "SF Neuberg"]
[PlyCount "88"]
[WhiteFideId "16255470"]
[BlackFideId "12959243"]
[EventCountry "GER"]
[EventRounds "7"]
[EventType "team-swiss"]
[EventDate "2023.12.26"]

1. e4 {[%clk 01:30:55]} {[%emt 00:00:03]} e5 {[%clk 01:30:58]} {[%emt
00:00:04]} 2. Nf3 {[%clk 01:31:14]} {[%emt 00:00:10]} Nc6 {[%clk 01:31:25]}
{[%emt 00:00:03]} 3. Bc4 {[%clk 01:31:32]} {[%emt 00:00:11]} Nf6 {[%clk
01:31:46]} {[%emt 00:00:10]} 4. d3 {[%clk 01:31:53]} {[%emt 00:00:08]} Bc5
{[%clk 01:32:12]} {[%emt 00:00:05]} 5. O-O {[%clk 01:32:11]} {[%emt 00:00:12]}
d6 {[%clk 01:32:38]} {[%emt 00:00:04]} 6. c3 {[%clk 01:32:31]} {[%emt
00:00:10]} O-O {[%clk 01:32:38]} {[%emt 00:00:30]} 7. h3 {[%clk 01:32:42]}
{[%emt 00:00:18]} a5 {[%clk 01:32:45]} {[%emt 00:00:24]} 8. Bb3 {[%clk
01:32:13]} {[%emt 00:00:58]} Ba7 {[%clk 01:33:10]} {[%emt 00:00:05]} 9. Re1
{[%clk 01:32:31]} {[%emt 00:00:13]} Ne7 {[%clk 01:32:02]} {[%emt 00:01:38]} 10.
Nbd2 {[%clk 01:32:02]} {[%emt 00:00:58]} Ng6 {[%clk 01:31:49]} {[%emt
00:00:43]} 11. Nf1 {[%clk 01:31:18]} {[%emt 00:01:14]} Nh5 {[%clk 01:29:39]}
{[%emt 00:02:42]} 12. d4 {[%clk 01:26:35]} {[%emt 00:05:13]} Nhf4 {[%clk
01:27:54]} {[%emt 00:02:14]} 13. dxe5 {[%clk 01:20:10]} {[%emt 00:06:55]} dxe5
{[%clk 01:28:19]} {[%emt 00:00:04]} 14. Qxd8 {[%clk 01:20:01]} {[%emt
00:00:40]} Rxd8 {[%clk 01:28:45]} {[%emt 00:00:04]} 15. Ng5 {[%clk 01:19:07]}
{[%emt 00:01:24]} Rf8 {[%clk 01:24:50]} {[%emt 00:04:25]} 16. Rd1 {[%clk
01:13:10]} {[%emt 00:06:27]} Ne2+ {[%clk 01:20:25]} {[%emt 00:04:56]} 17. Kh2
{[%clk 01:10:58]} {[%emt 00:02:41]} a4 {[%clk 01:18:48]} {[%emt 00:02:07]} 18.
Bc4 {[%clk 01:09:29]} {[%emt 00:01:59]} Nxc1 {[%clk 01:19:14]} {[%emt
00:00:05]} 19. Raxc1 {[%clk 01:09:42]} {[%emt 00:00:16]} c6 {[%clk 01:18:48]}
{[%emt 00:00:57]} 20. a3 {[%clk 01:03:21]} {[%emt 00:06:50]} b5 {[%clk
01:17:42]} {[%emt 00:01:36]} 21. Ba2 {[%clk 01:03:30]} {[%emt 00:00:21]} Bxf2
{[%clk 01:17:56]} {[%emt 00:00:16]} 22. Rd6 {[%clk 00:57:38]} {[%emt 00:06:22]}
Nh8 {[%clk 01:05:45]} {[%emt 00:12:41]} 23. Nf3 {[%clk 00:46:38]} {[%emt
00:11:29]} Ba7 {[%clk 01:04:43]} {[%emt 00:01:33]} 24. Ng3 {[%clk 00:46:57]}
{[%emt 00:00:10]} Be3 {[%clk 01:00:59]} {[%emt 00:04:14]} 25. Rcd1 {[%clk
00:41:27]} {[%emt 00:06:00]} Bf4 {[%clk 01:01:24]} {[%emt 00:00:05]} 26. Ng1
{[%clk 00:41:34]} {[%emt 00:00:23]} h5 {[%clk 01:01:18]} {[%emt 00:00:38]} 27.
h4 {[%clk 00:39:25]} {[%emt 00:02:38]} g5 {[%clk 01:01:43]} {[%emt 00:00:05]}
28. Nf3 {[%clk 00:35:25]} {[%emt 00:04:29]} Bg4 {[%clk 01:02:09]} {[%emt
00:00:04]} 29. Nxg5 {[%clk 00:35:22]} {[%emt 00:00:33]} Bxd1 {[%clk 01:02:26]}
{[%emt 00:00:13]} 30. Rxd1 {[%clk 00:34:36]} {[%emt 00:01:17]} Rad8 {[%clk
01:01:48]} {[%emt 00:01:07]} 31. Rb1 {[%clk 00:32:19]} {[%emt 00:02:47]} Ng6
{[%clk 00:57:22]} {[%emt 00:04:57]} 32. Nf3 {[%clk 00:31:29]} {[%emt 00:01:19]}
Nxh4 {[%clk 00:53:49]} {[%emt 00:04:03]} 33. Nxh4 {[%clk 00:31:05]} {[%emt
00:00:54]} Rd3 {[%clk 00:54:17]} {[%emt 00:00:03]} 34. Nhf5 {[%clk 00:29:56]}
{[%emt 00:01:39]} h4 {[%clk 00:54:41]} {[%emt 00:00:05]} 35. Nxh4 {[%clk
00:30:06]} {[%emt 00:00:20]} Bxg3+ {[%clk 00:55:05]} {[%emt 00:00:06]} 36. Kh3
{[%clk 00:30:25]} {[%emt 00:00:11]} Bxh4+ {[%clk 00:54:39]} {[%emt 00:00:57]}
37. Kxh4 {[%clk 00:30:46]} {[%emt 00:00:09]} Re3 {[%clk 00:55:00]} {[%emt
00:00:07]} 38. Kg4 {[%clk 00:29:44]} {[%emt 00:01:32]} Rxe4+ {[%clk 00:55:26]}
{[%emt 00:00:05]} 39. Kf5 {[%clk 00:30:06]} {[%emt 00:00:08]} Re2 {[%clk
00:55:52]} {[%emt 00:00:04]} 40. g4 {[%clk 00:30:29]} {[%emt 00:00:07]} Kg7
{[%clk 00:55:53]} {[%emt 00:00:29]} 41. Rh1 {[%clk 00:30:37]} {[%emt 00:00:21]}
Rh8 {[%clk 00:54:32]} {[%emt 00:01:50]} 42. Rxh8 {[%clk 00:30:01]} {[%emt
00:01:07]} Kxh8 {[%clk 00:54:58]} {[%emt 00:00:04]} 43. Bxf7 {[%clk 00:30:14]}
{[%emt 00:00:17]} Rf2+ {[%clk 00:55:18]} {[%emt 00:00:10]} 44. Ke6 {[%clk
00:30:02]} {[%emt 00:00:42]} e4 {[%clk 00:55:43]} {[%emt 00:00:05]} 0-1

[Event "DVM U20 2023"]
[Site "Magdeburg GER"]
[Date "2023.12.29"]
[Round "5"]
[White "Buchinger, Alexis"]
[Black "Meyer, Emil"]
[Result "0-1"]
[Termination "normal"]
[Board "4.4"]
[WhiteElo "1823"]
[BlackElo "1919"]
[WhiteClock "00:32:37"]
[BlackClock "00:27:55"]
[WhiteTeam "SF Neuberg"]
[BlackTeam "SK Münster 32"]
[PlyCount "120"]
[WhiteFideId "16287134"]
[BlackFideId "34625771"]
[EventCountry "GER"]
[EventRounds "7"]
[EventType "team-swiss"]
[EventDate "2023.12.26"]

1. e4 {[%clk 01:30:55]} {[%emt 00:00:03]} c5 {[%clk 01:30:22]} {[%emt
00:00:39]} 2. Nf3 {[%clk 01:31:19]} {[%emt 00:00:06]} Nc6 {[%clk 01:30:45]}
{[%emt 00:00:07]} 3. Bb5 {[%clk 01:31:42]} {[%emt 00:00:07]} e6 {[%clk
01:31:10]} {[%emt 00:00:05]} 4. Bxc6 {[%clk 01:31:45]} {[%emt 00:00:28]} bxc6
{[%clk 01:31:32]} {[%emt 00:00:06]} 5. d3 {[%clk 01:31:33]} {[%emt 00:00:43]}
Ne7 {[%clk 01:31:49]} {[%emt 00:00:15]} 6. Nc3 {[%clk 01:31:34]} {[%emt
00:00:28]} d5 {[%clk 01:26:32]} {[%emt 00:05:46]} 7. O-O {[%clk 01:30:04]}
{[%emt 00:02:01]} Ng6 {[%clk 01:25:38]} {[%emt 00:01:24]} 8. h3 {[%clk
01:28:32]} {[%emt 00:02:03]} Be7 {[%clk 01:22:54]} {[%emt 00:03:12]} 9. Nh2
{[%clk 01:25:49]} {[%emt 00:03:14]} c4 {[%clk 01:06:34]} {[%emt 00:16:50]} 10.
dxc4 {[%clk 01:23:10]} {[%emt 00:03:07]} Ba6 {[%clk 01:06:40]} {[%emt
00:00:24]} 11. Re1 {[%clk 01:12:53]} {[%emt 00:10:48]} Bxc4 {[%clk 01:05:36]}
{[%emt 00:01:35]} 12. b3 {[%clk 01:07:51]} {[%emt 00:05:31]} Ba6 {[%clk
01:05:31]} {[%emt 00:00:35]} 13. Bb2 {[%clk 01:05:27]} {[%emt 00:02:55]} O-O
{[%clk 01:05:29]} {[%emt 00:00:31]} 14. Na4 {[%clk 00:57:52]} {[%emt 00:08:05]}
Qc7 {[%clk 00:59:05]} {[%emt 00:06:54]} 15. Ng4 {[%clk 00:55:56]} {[%emt
00:02:27]} Rad8 {[%clk 00:46:09]} {[%emt 00:13:25]} 16. exd5 {[%clk 00:41:09]}
{[%emt 00:15:17]} Rxd5 {[%clk 00:43:15]} {[%emt 00:03:24]} 17. Qf3 {[%clk
00:39:38]} {[%emt 00:01:59]} Rg5 {[%clk 00:35:57]} {[%emt 00:07:50]} 18. c4
{[%clk 00:24:31]} {[%emt 00:15:36]} h5 {[%clk 00:31:23]} {[%emt 00:05:06]} 19.
Ne3 {[%clk 00:21:12]} {[%emt 00:03:48]} c5 {[%clk 00:29:59]} {[%emt 00:01:55]}
20. Bc1 {[%clk 00:09:25]} {[%emt 00:12:17]} Bb7 {[%clk 00:28:50]} {[%emt
00:01:39]} 21. Nd5 {[%clk 00:08:50]} {[%emt 00:01:05]} Bxd5 {[%clk 00:12:49]}
{[%emt 00:16:29]} 22. cxd5 {[%clk 00:09:08]} {[%emt 00:00:13]} Nh4 {[%clk
00:12:12]} {[%emt 00:01:07]} 23. Qf4 {[%clk 00:07:43]} {[%emt 00:01:54]} Qb7
{[%clk 00:08:18]} {[%emt 00:04:24]} 24. g3 {[%clk 00:06:23]} {[%emt 00:01:51]}
Rf5 {[%clk 00:05:55]} {[%emt 00:02:52]} 25. gxh4 {[%clk 00:04:17]} {[%emt
00:02:36]} Rxf4 {[%clk 00:06:15]} {[%emt 00:00:10]} 26. Bxf4 {[%clk 00:04:43]}
{[%emt 00:00:04]} Qxd5 {[%clk 00:06:01]} {[%emt 00:00:45]} 27. Bg3 {[%clk
00:04:34]} {[%emt 00:00:39]} f5 {[%clk 00:05:27]} {[%emt 00:01:04]} 28. Nc3
{[%clk 00:03:01]} {[%emt 00:02:01]} Qd3 {[%clk 00:04:59]} {[%emt 00:00:59]} 29.
Ne2 {[%clk 00:01:37]} {[%emt 00:01:54]} Qf3 {[%clk 00:04:32]} {[%emt 00:00:58]}
30. Nf4 {[%clk 00:01:25]} {[%emt 00:00:42]} Bf6 {[%clk 00:02:56]} {[%emt
00:02:06]} 31. Re3 {[%clk 00:01:10]} {[%emt 00:00:45]} Qb7 {[%clk 00:02:52]}
{[%emt 00:00:31]} 32. Rae1 {[%clk 00:00:53]} {[%emt 00:00:48]} e5 {[%clk
00:02:38]} {[%emt 00:00:46]} 33. Ng6 {[%clk 00:00:41]} {[%emt 00:00:40]} f4
{[%clk 00:02:24]} {[%emt 00:00:46]} 34. Re4 {[%clk 00:00:37]} {[%emt 00:00:34]}
fxg3 {[%clk 00:02:38]} {[%emt 00:00:16]} 35. Nxf8 {[%clk 00:01:02]} {[%emt
00:00:05]} gxf2+ {[%clk 00:02:52]} {[%emt 00:00:15]} 36. Kxf2 {[%clk 00:01:31]}
{[%emt 00:00:01]} Kxf8 {[%clk 00:03:12]} {[%emt 00:00:09]} 37. Rc4 {[%clk
00:01:34]} {[%emt 00:00:26]} Qd5 {[%clk 00:03:00]} {[%emt 00:00:42]} 38. Ra4
{[%clk 00:01:03]} {[%emt 00:01:01]} Qd3 {[%clk 00:02:55]} {[%emt 00:00:35]} 39.
Ree4 {[%clk 00:01:20]} {[%emt 00:00:14]} Qxh3 {[%clk 00:02:51]} {[%emt
00:00:34]} 40. Rec4 {[%clk 00:01:12]} {[%emt 00:00:38]} Kg8 {[%clk 00:02:02]}
{[%emt 00:01:20]} 41. Ke2 {[%clk 00:00:47]} {[%emt 00:00:53]} e4 {[%clk
00:28:55]} {[%emt 00:03:38]} 42. Rxe4 {[%clk 00:30:09]} {[%emt 00:01:08]} Bd4
{[%clk 00:29:10]} {[%emt 00:00:13]} 43. Rexd4 {[%clk 00:29:17]} {[%emt
00:01:22]} cxd4 {[%clk 00:29:28]} {[%emt 00:00:13]} 44. Rxd4 {[%clk 00:29:43]}
{[%emt 00:00:04]} Qg2+ {[%clk 00:29:37]} {[%emt 00:00:21]} 45. Kd3 {[%clk
00:30:06]} {[%emt 00:00:08]} Qxa2 {[%clk 00:29:46]} {[%emt 00:00:20]} 46. Kc3
{[%clk 00:30:08]} {[%emt 00:00:27]} Qa1+ {[%clk 00:29:15]} {[%emt 00:01:02]}
47. Kc4 {[%clk 00:30:28]} {[%emt 00:00:09]} Kh7 {[%clk 00:29:11]} {[%emt
00:00:34]} 48. b4 {[%clk 00:30:24]} {[%emt 00:00:34]} Qc1+ {[%clk 00:28:11]}
{[%emt 00:01:29]} 49. Kb5 {[%clk 00:30:33]} {[%emt 00:00:22]} Qc7 {[%clk
00:28:20]} {[%emt 00:00:20]} 50. Rc4 {[%clk 00:30:16]} {[%emt 00:00:47]} Qb6+
{[%clk 00:28:09]} {[%emt 00:00:42]} 51. Ka4 {[%clk 00:30:43]} {[%emt 00:00:04]}
a6 {[%clk 00:28:18]} {[%emt 00:00:20]} 52. Rc5 {[%clk 00:30:33]} {[%emt
00:00:40]} Kh6 {[%clk 00:28:16]} {[%emt 00:00:32]} 53. Ra5 {[%clk 00:30:31]}
{[%emt 00:00:33]} Qc6+ {[%clk 00:27:54]} {[%emt 00:00:51]} 54. Ka3 {[%clk
00:30:53]} {[%emt 00:00:08]} Qc3+ {[%clk 00:27:31]} {[%emt 00:00:53]} 55. Ka4
{[%clk 00:31:19]} {[%emt 00:00:05]} Qa1+ {[%clk 00:27:09]} {[%emt 00:00:52]}
56. Kb3 {[%clk 00:31:42]} {[%emt 00:00:06]} Qxa5 {[%clk 00:27:01]} {[%emt
00:00:38]} 57. bxa5 {[%clk 00:32:08]} {[%emt 00:00:04]} g5 {[%clk 00:27:25]}
{[%emt 00:00:06]} 58. hxg5+ {[%clk 00:31:55]} {[%emt 00:00:43]} Kxg5 {[%clk
00:27:49]} {[%emt 00:00:06]} 59. Kc4 {[%clk 00:32:11]} {[%emt 00:00:15]} h4
{[%clk 00:28:04]} {[%emt 00:00:15]} 60. Kc5 {[%clk 00:32:37]} {[%emt 00:00:04]}
h3 {[%clk 00:27:55]} {[%emt 00:00:40]} 0-1

[Event "DVM U20 2023"]
[Site "Magdeburg GER"]
[Date "2023.12.29"]
[Round "5"]
[White "Klugstedt, Vincent"]
[Black "Kolzenburg, Jan Niklas"]
[Result "1-0"]
[Termination "normal"]
[Board "4.5"]
[WhiteElo "1984"]
[BlackElo "1621"]
[WhiteClock "00:22:55"]
[BlackClock "00:02:36"]
[WhiteTeam "SK Münster 32"]
[BlackTeam "SF Neuberg"]
[PlyCount "45"]
[WhiteFideId "16216393"]
[BlackFideId "16274830"]
[EventCountry "GER"]
[EventRounds "7"]
[EventType "team-swiss"]
[EventDate "2023.12.26"]

1. d4 {[%clk 01:30:14]} {[%emt 00:00:46]} Nf6 {[%clk 01:30:39]} {[%emt
00:00:22]} 2. c4 {[%clk 01:30:04]} {[%emt 00:00:40]} e6 {[%clk 01:30:51]}
{[%emt 00:00:18]} 3. Nc3 {[%clk 01:30:15]} {[%emt 00:00:19]} Bb4 {[%clk
01:30:39]} {[%emt 00:00:42]} 4. Qc2 {[%clk 01:29:46]} {[%emt 00:00:58]} h6
{[%clk 01:29:20]} {[%emt 00:01:50]} 5. e4 {[%clk 01:25:27]} {[%emt 00:04:49]}
d5 {[%clk 01:12:44]} {[%emt 00:17:06]} 6. e5 {[%clk 01:23:38]} {[%emt
00:02:19]} Ne4 {[%clk 01:09:50]} {[%emt 00:03:24]} 7. Be3 {[%clk 01:19:34]}
{[%emt 00:04:35]} O-O {[%clk 00:56:49]} {[%emt 00:13:31]} 8. a3 {[%clk
01:16:48]} {[%emt 00:03:15]} Bxc3+ {[%clk 00:54:58]} {[%emt 00:02:21]} 9. bxc3
{[%clk 01:17:10]} {[%emt 00:00:08]} b6 {[%clk 00:51:05]} {[%emt 00:04:24]} 10.
Bd3 {[%clk 01:06:48]} {[%emt 00:10:50]} f5 {[%clk 00:49:54]} {[%emt 00:01:42]}
11. cxd5 {[%clk 01:05:20]} {[%emt 00:02:00]} exd5 {[%clk 00:43:00]} {[%emt
00:07:23]} 12. Ne2 {[%clk 00:56:55]} {[%emt 00:08:54]} Ba6 {[%clk 00:38:14]}
{[%emt 00:05:17]} 13. Nf4 {[%clk 00:41:42]} {[%emt 00:15:42]} Bxd3 {[%clk
00:26:37]} {[%emt 00:12:07]} 14. Qxd3 {[%clk 00:41:59]} {[%emt 00:00:13]} Qd7
{[%clk 00:19:58]} {[%emt 00:07:09]} 15. c4 {[%clk 00:36:19]} {[%emt 00:06:11]}
dxc4 {[%clk 00:13:38]} {[%emt 00:06:50]} 16. Qxc4+ {[%clk 00:36:16]} {[%emt
00:00:32]} Kh7 {[%clk 00:12:48]} {[%emt 00:01:21]} 17. f3 {[%clk 00:28:08]}
{[%emt 00:08:38]} Ng5 {[%clk 00:10:51]} {[%emt 00:02:26]} 18. e6 {[%clk
00:27:23]} {[%emt 00:01:15]} Qe7 {[%clk 00:07:39]} {[%emt 00:03:44]} 19. h4
{[%clk 00:26:48]} {[%emt 00:01:04]} Nf7 {[%clk 00:07:59]} {[%emt 00:00:10]} 20.
Qd5 {[%clk 00:26:39]} {[%emt 00:00:38]} Na6 {[%clk 00:01:58]} {[%emt 00:06:32]}
21. Qxf5+ {[%clk 00:26:11]} {[%emt 00:00:59]} Kg8 {[%clk 00:02:17]} {[%emt
00:00:11]} 22. Ng6 {[%clk 00:24:38]} {[%emt 00:02:03]} Qe8 {[%clk 00:02:36]}
{[%emt 00:00:10]} 23. e7 {[%clk 00:22:55]} {[%emt 00:02:14]} 1-0